|
|
|
|
| LEADER |
00000cab a2200000 a 4500 |
| 001 |
vtls001507671 |
| 003 |
SK-MaSNL |
| 005 |
20260304205411.0 |
| 008 |
140912c19992000xo sr 0 0b0slos |
| 035 |
|
|
|a SPKCL9998
|
| 040 |
|
|
|a SPKCL
|b slo
|c SNKBUCL
|d ÚIP-SPK(SK)
|e AACR2
|
| 041 |
0 |
|
|a slo
|
| 044 |
|
|
|a xo
|c SK
|
| 080 |
|
|
|a 372.47:372.361:37.018.761
|2 1981
|
| 100 |
1 |
|
|a Uherčíková, Viera
|4 aut
|9 8353
|
| 245 |
1 |
0 |
|a Úlohy, hry a cvičenia na rozvíjanie základných matematických predstáv
|b 3. Porovnávanie a triedenie v súboroch podľa veľkosti, objemu, množstva a počtu
|c Viera Uherčíková; Ivan K. Haverlík
|
| 520 |
|
|
|a Autori rozoberajú vplyv televízie na výchovu dieťaťa a to z pozitívnej i negatívnej stránky. V nadväznosti na príspevok v predchádzajúcom čísle uvádzajú ďalšie príbehy priateľov z ostrova Ploskáčik na ich výlete do mesta Geometria a jeho okolia v krajine Matematika. Prostredníctvom nich je možné rozvíjať základné matematické predstavy detí v rodinnom prostredí.
|
| 650 |
0 |
7 |
|a matematika
|2 SNKPH
|9 70174
|
| 650 |
0 |
7 |
|a rozprávky
|2 SNKPH
|9 75941
|
| 650 |
0 |
7 |
|a didaktické hry
|2 SNKPH
|9 63297
|
| 650 |
0 |
7 |
|a predškolský vek
|2 SNKPH
|9 70893
|
| 650 |
0 |
7 |
|a rozvíjanie schopností
|2 SNKPH
|9 342653
|
| 650 |
0 |
7 |
|a predstavivosť
|2 SNKPH
|9 71658
|
| 650 |
0 |
7 |
|a rodinná výchova
|2 SNKPH
|9 66934
|
| 650 |
0 |
7 |
|a televízne vysielanie
|2 SNKPH
|9 2922
|
| 655 |
|
7 |
|a články
|2 SNKPH
|9 70601
|
| 700 |
1 |
|
|a Haverlík, Ivan K.
|4 aut
|9 1376037
|
| 773 |
1 |
|
|t Predškolská výchova
|g Roč. 54, č. 3 (1999/2000) s. 34-39. Pokrač
|
| 850 |
|
|
|a Slovenská pedagogická knižnica Bratislava
|
| 852 |
|
|
|a SPKCL
|b KIS3GCP
|b 000710000
|n SK
|
| 999 |
|
|
|c 3120708
|d 3122638
|